| 000 | 00633nam a2200193 i 4500 | ||
|---|---|---|---|
| 001 | 96707 | ||
| 003 | ES-MaACL | ||
| 005 | 20230906181949.0 | ||
| 007 | t| | ||
| 008 | 050630s1973 sp ||||1| spa d | ||
| 100 | 1 |
_aManent, Albert. _975972 |
|
| 245 | 1 | 0 |
_aTres escritores catalanes _b: Carner, Riba, Pla / _cAlbert Manent. |
| 260 |
_aMadrid : _bGredos, _c1973. |
||
| 300 |
_a338 p. ; _c21 cm. |
||
| 490 | 1 |
_aBiblioteca románica hispánica. II. Estudios y ensayos ; _v187 |
|
| 830 | 0 |
_aBiblioteca románica hispánica. II. Estudios y ensayos ; _v187 _9178108 |
|
| 852 |
_aES-MaACL _jC-52519 _bR.85767 |
||
| 999 |
_c96707 _d96707 |
||